000 00708nam a2200277Ia 4500
005 20260324130813.0
008 008 260324s9999 xx 000 0 eng d
020 _a9781315568089
037 _aEBOOK
040 _aCRL
040 _beng
040 _cCRL
041 _2eng
041 _aeng
084 _qCRL
100 _aDavid Turnock
_91183145
245 0 _aAspects of Independent Romania's Economic History with Particular Reference to Transition for EU Accession
260 _bTaylor and Francis
260 _c2007
365 _a
365 _b240
856 _uhttp://www.taylorfrancis.com/books/9781315568089
942 _cEBOOK
999 _c1779665
_d1779665